Normal view MARC view

Entry Meeting Name

Number of records used in: 1

001 - CONTROL NUMBER

  • control field: 25838

003 - CONTROL NUMBER IDENTIFIER

  • control field: OSt

005 - DATE AND TIME OF LATEST TRANSACTION

  • control field: 20211105134959.0

008 - FIXED-LENGTH DATA ELEMENTS

  • fixed length control field: 211105|| aca||aabn | a|a d

040 ## - CATALOGING SOURCE

  • Original cataloging agency: OSt
  • Transcribing agency: OSt

111 ## - HEADING--MEETING NAME

  • Meeting name or jurisdiction name as entry element: Torun Workshop Post - AGB Objects as a Phase of Stellar Evolution
  • Location of meeting: Torun, Poland
  • Date of meeting or treaty signing: 2000 July 5-7

670 ## - SOURCE DATA FOUND

  • Source citation: Work cat.: (OSt): Torun Workshop Post - AGB Objects as a Phase of Stellar Evolution Torun, Poland 2000 July 5-7, Post - AGB objects as a phase of stellar evolution, 2001

Powered by Koha